Movies Quiz

Random Movies or Superhero Quiz
Score 0/15 Timer 00:45
0 Plays Today
Hint Answer % Correct
Thanos
100%
Aquaman
86.3%
Batman
85.3%
Shazam
79.4%
Harley Quinn
64.5%
Lex Luthor
58.9%
Cyborg
58.1%
Deadshot
51.5%
Hint Answer % Correct
Alfred Pennyworth
39.4%
Katana
34.3%
Black Manta
32%
Steve Trevor
28.6%
Enchantress
27.3%
Doctor Sivana
9.3%
Antiope
5.5%
Remove Ads.
Support Sporcle.
Get the best of Sporcle when you Go Orange. This ad-free experience offers more features, more stats, and more fun while also helping to support Sporcle. Thank you for becoming a member.

You're not logged in!

Compare scores with friends on all Sporcle quizzes.
OR
Log In

Show Comments

Extras

Top Quizzes Today


Score Distribution

Your Account Isn't Verified!

In order to create a playlist on Sporcle, you need to verify the email address you used during registration. Go to your Sporcle Settings to finish the process.

Report this User

Report this user for behavior that violates our Community Guidelines.

Details: